| 000 | 02291nam a22003253i 4500 | ||
|---|---|---|---|
| 001 | BDZ0056839292 | ||
| 003 | StDuBDS | ||
| 005 | 20250318131516.0 | ||
| 007 | cr|||||||||||| | ||
| 008 | 250117s2025 enk go 000|0 eng d | ||
| 020 |
_a9783648182048 : _c41.66 |
||
| 040 |
_aStDuBDS _beng _erda _cStDuBDS |
||
| 072 | 7 |
_aKJ _2bicssc |
|
| 072 | 7 |
_aBUS _2ukslc |
|
| 072 | 7 |
_aKJ _2thema |
|
| 245 | 0 | 0 |
_aImplementing ESG into Real Estate Contracts : _bA guide and toolkit for practitioners from a European perspective / _cedited by Wieduwilt Sabine. |
| 264 | 1 |
_a[Place of publication not identified] : _bHaufe-Lexware GmbH & Co. KG, _c2025. |
|
| 300 | _a1 online resource | ||
| 336 |
_atext _2rdacontent |
||
| 337 |
_aunmediated _2rdamedia |
||
| 338 |
_avolume _2rdacarrier |
||
| 366 |
_b20250107 _cAvailable |
||
| 520 | 8 | _aThis book looks into different aspects of implementing ESG into real estate contracts from a European perspective. It covers general aspects, contract-type specific aspects and then property usage-type specific aspects. General topics cover legal frameworks, the social and governance perspective based on EU sustainable finance regulations. Contract-type specific questions cover different contract types. The team of authors then addresses specific issues relating to different types of property use such as office, retail, logistics, hospitality and data centres. The focus of the work is on EU, so that the content can provide food for thought for the work in different EU countries. The book thus supports practitioners in compiling their personal toolkit for use in individual cases. Content:- Terms, concepts and basics of sustainability, CSR and ESG- What ESG in real estate contracts means- Standards for (non-financial) sustainability reporting, CSRD and ESRS- Climate litigation, energy and renewables, data- Sustainability and competition law, brownfields- Pre-contracts and recitals- ESG and real estate investment, leases, real estate financing | |
| 650 | _aESG | ||
| 650 | _aEBOOK | ||
| 650 | _aENVIRONMENT | ||
| 700 | 1 |
_aSabine, Wieduwilt, _eeditor. |
|
| 856 | 4 | 0 |
_uhttps://www.vlebooks.com/product/openreader?id=RICS&accId=9491556&isbn=9783648182048 _zAvailable on VLeBooks (email [email protected] if you do not have a login) |
| 942 | _2ddc | ||
| 999 |
_c122126 _d122126 |
||